[Event "Olympiad-42"]
[Site "Baku"]
[Date "2016.09.02"]
[Round "1.3"]
[White "Shankland, Samuel L"]
[Black "Fernandez Lopez, Joan"]
[Result "1-0"]
[WhiteElo "2679"]
[BlackElo "2142"]
[PlyCount "37"]
[EventDate "2016.09.02"]
[EventType "team-swiss"]
[EventRounds "11"]
[EventCountry "AZE"]
[SourceTitle "CBM 175"]
[Source "ChessBase"]
[SourceDate "2016.11.10"]
[SourceVersion "1"]
[SourceVersionDate "2016.11.10"]
[SourceQuality "1"]
[WhiteTeam "United States"]
[BlackTeam "Andorra"]
[WhiteTeamCountry "USA"]
[BlackTeamCountry "AND"]

1. e4 c5 2. Nf3 Nc6 3. d4 cxd4 4. Nxd4 g6 5. c4 Bg7 6. Be3 Nf6 7. Nc3 d6 8. Be2 Nxd4 9. Bxd4 0-0 10. 0-0 a5 11. b3 Bd7 12. Qd3 Bc6 13. a3 Nd7 14. Bxg7 Kxg7 15. b4 Qb6 16. c5 Qc7 17. cxd6 exd6 18. Qd4+ Nf6 19. b5 1-0

[Event "Andorra op 33rd"]
[Site "La Massana"]
[Date "2015.07.25"]
[Round "8"]
[White "Fernandez Lopez, Joan"]
[Black "Sos Andreu, Eric"]
[Result "0-1"]
[WhiteElo "2143"]
[BlackElo "2362"]
[PlyCount "78"]
[EventDate "2015.07.18"]
[EventType "swiss"]
[EventRounds "9"]
[EventCountry "AND"]
[SourceTitle "CBM 167 Extra"]
[Source "ChessBase"]
[SourceDate "2015.09.14"]
[SourceVersion "1"]
[SourceVersionDate "2015.09.14"]
[SourceQuality "1"]

1. e4 c6 2. Nf3 d5 3. Nc3 Nf6 4. Qe2 d4 5. Nb1 c5 6. d3 Nc6 7. g3 e5 8. Bg2 Be7 9. 0-0 0-0 10. h3 Ne8 11. Nbd2 Be6 12. Ne1 Qd7 13. Kh2 Nd6 14. f4 f6 15. f5 Bf7 16. g4 g5 17. Rh1 Kg7 18. h4 h6 19. Kg3 b5 20. a4 a6 21. axb5 axb5 22. Rxa8 Rxa8 23. Bf1 Rh8 24. Qh2 Qd8 25. hxg5 hxg5 26. Qxh8+ Qxh8 27. Rxh8 Kxh8 28. b3 Bd8 29. Ba3 Nb7 30. Kf2 Ba5 31. Nef3 Bb4 32. Bxb4 Nxb4 33. Ne1 Na5 34. Ke2 Na2 35. Kd1 Kg7 36. Nef3 Kf8 37. Ne1 Ke7 38. Nef3 Kd6 39. Ne1 Kc6 0-1

[Event "EU Small Countries ol 4th"]
[Site "Saint Peter Port"]
[Date "2015.04.24"]
[Round "8.3"]
[White "Psaila, Clarence"]
[Black "Fernandez Lopez, Joan"]
[Result "0-1"]
[WhiteElo "2063"]
[BlackElo "2133"]
[PlyCount "114"]
[EventDate "2015.04.19"]
[EventType "team-tourn"]
[EventRounds "9"]
[EventCountry "GCI"]
[SourceTitle "CBM 166 Extra"]
[Source "ChessBase"]
[SourceDate "2015.06.18"]
[SourceVersion "1"]
[SourceVersionDate "2015.06.18"]
[SourceQuality "1"]
[WhiteTeam "Malta"]
[BlackTeam "Andorra"]
[WhiteTeamCountry "MLT"]
[BlackTeamCountry "AND"]

1. e4 c5 2. Nf3 Nc6 3. d4 cxd4 4. Nxd4 g6 5. c4 Bg7 6. Be3 Nf6 7. Nc3 d6 8. Be2 0-0 9. Qd2 Bd7 10. 0-0 Nxd4 11. Bxd4 Bc6 12. f3 a5 13. b3 Nd7 14. Be3 Nc5 15. Rab1 Qb6 16. Rfc1 Ra6 17. Rc2 Qb4 18. Nd5 Bxd5 19. Qxb4 axb4 20. cxd5 Ra5 21. Bd2 Rfa8 22. a4 bxa3 23. Bxa5 Rxa5 24. Ra2 Na6 25. b4 Ra4 26. Bd1 Nxb4 27. Bxa4 Nxa2 28. Rxb7 Bd4+ 29. Kf1 Nc1 30. Rb1 Bb2 31. Rxc1 Bxc1 32. Bb3 Kg7 33. Ke2 Kf6 34. g3 Ke5 35. Kd3 g5 36. g4 Bf4 37. h3 Bc1 38. Kc2 Bb2 39. Kd3 Kf4 40. Ke2 Kg3 41. Ba2 Kxh3 42. Bc4 Kg3 43. Ba2 Kf4 44. Bb3 Ke5 45. Kd3 e6 46. Ba2 exd5 47. Bxd5 f5 48. gxf5 Kf4 49. Ke2 Kg3 50. Kf1 Bd4 51. Ke2 h5 52. Kd3 Be5 53. Ke2 h4 54. Kf1 Bd4 55. f6 Bxf6 56. Kg1 Be5 57. Kh1 Kxf3 0-1

[Event "EU Small Countries ol 4th"]
[Site "Saint Peter Port"]
[Date "2015.04.20"]
[Round "2.5"]
[White "Fernandez Lopez, Joan"]
[Black "Muendle, Kurt"]
[Result "1-0"]
[WhiteElo "2133"]
[BlackElo "1863"]
[PlyCount "65"]
[EventDate "2015.04.19"]
[EventType "team-tourn"]
[EventRounds "9"]
[EventCountry "GCI"]
[SourceTitle "CBM 166 Extra"]
[Source "ChessBase"]
[SourceDate "2015.06.18"]
[SourceVersion "1"]
[SourceVersionDate "2015.06.18"]
[SourceQuality "1"]
[WhiteTeam "Andorra"]
[BlackTeam "Liechtenstein"]
[WhiteTeamCountry "AND"]
[BlackTeamCountry "LIE"]

1. e4 e6 2. Nf3 Nc6 3. d4 Nf6 4. Bg5 Be7 5. Nbd2 0-0 6. c3 h6 7. Be3 d5 8. e5 Nh7 9. Bd3 f5 10. exf6 Nxf6 11. Ne5 Nxe5 12. dxe5 Nd7 13. Nf3 Nb6 14. Bc2 Kf7 15. Nd4 Nc4 16. Qh5+ Kg8 17. Bxh6 Rf7 18. Be3 Rf5 19. Nxf5 exf5 20. Bxf5 Bxf5 21. Qxf5 Nxe3 22. fxe3 Bg5 23. Rf1 Qe7 24. Rf3 Bh6 25. 0-0-0 Rd8 26. e6 c6 27. Qf7+ Qxf7 28. Rxf7 Bxe3+ 29. Kc2 Re8 30. Re1 d4 31. cxd4 Bxd4 32. Rxb7 Bc5 33. Rc7 1-0

[Event "Catalunya-chT"]
[Site "Catalunya"]
[Date "2014.03.15"]
[Round "8.2"]
[White "Draghici Flutur, Gavril"]
[Black "Fernandez Lopez, Joan"]
[Result "0-1"]
[WhiteElo "2155"]
[BlackElo "2131"]
[PlyCount "120"]
[EventDate "2014.01.25"]
[EventType "team"]
[EventRounds "11"]
[EventCountry "ESP"]
[SourceTitle "EXT 2015"]
[Source "ChessBase"]
[SourceDate "2014.11.20"]
[SourceVersion "1"]
[SourceVersionDate "2014.11.20"]
[SourceQuality "1"]
[WhiteTeam "Sitges"]
[BlackTeam "Andorra"]
[WhiteTeamCountry "ESP"]
[BlackTeamCountry "AND"]

1. e4 c5 2. Nf3 Nc6 3. d4 cxd4 4. Nxd4 g6 5. Nc3 Bg7 6. Nb3 Nf6 7. Bc4 0-0 8. 0-0 Ne5 9. Be2 d6 10. Kh1 Qc7 11. f4 Nc4 12. Nb5 Qc6 13. N3d4 Qc5 14. Qd3 a6 15. Qxc4 axb5 16. Nxb5 Qxc4 17. Bxc4 Nxe4 18. Nc7 Ra5 19. Nd5 Be6 20. Nxe7+ Kh8 21. Bd3 f5 22. c4 Re8 23. Nd5 Bxd5 24. cxd5 Rxd5 25. Bxe4 fxe4 26. Re1 Rd3 27. Be3 Bxb2 28. Rad1 Kg8 29. Bb6 Rxd1 30. Rxd1 e3 31. Ba5 e2 32. Rb1 Rc8 33. g3 Rc2 34. Be1 Kf7 35. Kg2 Ke6 36. Kf3 Kd5 37. Bb4 Kc4 38. a3 d5 39. g4 Kd3 40. f5 Bf6 41. Rb3+ Kc4 42. Re3 gxf5 43. gxf5 d4 44. Rxe2 Rxe2 45. Kxe2 d3+ 46. Kd2 Bg5+ 47. Kd1 Kd4 48. Bd2 Bd8 49. Bc1 Ke4 50. Bh6 Kxf5 51. Kd2 Ke4 52. Kd1 b5 53. Kd2 Be7 54. a4 bxa4 55. Bg7 h5 56. Bc3 Bg5+ 57. Kd1 Kf3 58. Bb4 h4 59. Bc5 Bf4 60. Bg1 a3 0-1

[Event "Catalunya-chT"]
[Site "Catalunya"]
[Date "2014.02.08"]
[Round "3.2"]
[White "Fernandez Lopez, Joan"]
[Black "Quintas Galeano, Lluis"]
[Result "1-0"]
[WhiteElo "2131"]
[BlackElo "2138"]
[PlyCount "87"]
[EventDate "2014.01.25"]
[EventType "team"]
[EventRounds "11"]
[EventCountry "ESP"]
[SourceTitle "CBM 158 Extra"]
[Source "ChessBase"]
[SourceDate "2014.02.28"]
[SourceVersion "1"]
[SourceVersionDate "2014.02.28"]
[SourceQuality "1"]
[WhiteTeam "Andorra"]
[BlackTeam "Lleida"]
[WhiteTeamCountry "AND"]
[BlackTeamCountry "ESP"]

1. e4 e5 2. Nc3 Nf6 3. f4 d6 4. Nf3 Bg4 5. h3 Bxf3 6. Qxf3 Be7 7. Bc4 Nc6 8. Ne2 Na5 9. Bb5+ c6 10. Bd3 c5 11. Bb5+ Nc6 12. fxe5 dxe5 13. Bxc6+ bxc6 14. d3 Qb6 15. Ng3 Qc7 16. 0-0 0-0-0 17. b3 Rhe8 18. Nf5 Bf8 19. Qg3 g6 20. Nh6 Bg7 21. Bg5 Re6 22. Qh4 Rdd6 23. Rf3 Bxh6 24. Qxh6 Nh5 25. Qf8+ Kb7 26. Rxf7 Rd7 27. Rxd7 Qxd7 28. Qxc5 Nf4 29. Rf1 Qc7 30. Bxf4 exf4 31. Qb4+ Ka8 32. Qf8+ Kb7 33. Qxf4 Qb6+ 34. Qf2 c5 35. Qf7+ Ka6 36. Kh1 h5 37. e5 Kb5 38. Rf6 Rxf6 39. Qxf6 Qa5 40. a4+ Kb4 41. e6 Qa6 42. Qe5 Qc8 43. e7 Qe8 44. Qf4+ 1-0

[Event "Andorra op 31st"]
[Site "La Massana"]
[Date "2013.07.27"]
[Round "8"]
[White "Berkovich, Mark A"]
[Black "Fernandez Lopez, Joan"]
[Result "1/2-1/2"]
[WhiteElo "2375"]
[BlackElo "2126"]
[PlyCount "39"]
[EventDate "2013.07.20"]
[EventType "swiss"]
[EventRounds "9"]
[EventCountry "AND"]
[SourceTitle "CBM 155 Extra"]
[Source "ChessBase"]
[SourceDate "2013.08.26"]
[SourceVersion "1"]
[SourceVersionDate "2013.08.26"]
[SourceQuality "1"]

1. c4 e5 2. g3 d6 3. Bg2 f5 4. Nc3 Nf6 5. e3 Be7 6. Nge2 0-0 7. 0-0 Na6 8. Rb1 c6 9. b4 Nc7 10. b5 Qe8 11. bxc6 bxc6 12. Qa4 e4 13. d3 Ne6 14. Nd4 Nc5 15. Qxc6 Bd7 16. Qc7 Nxd3 17. Qa5 Ne5 18. Nd5 Nxc4 19. Qa6 Nxd5 20. Qxc4 1/2-1/2

[Event "Catalunya-chT Honor"]
[Site "Catalunya"]
[Date "2013.04.13"]
[Round "11.7"]
[White "Llaneza Vega, Patricia"]
[Black "Fernandez Lopez, Joan"]
[Result "1/2-1/2"]
[WhiteElo "2241"]
[BlackElo "2115"]
[PlyCount "45"]
[EventDate "2013.01.19"]
[EventType "team-tourn"]
[EventRounds "11"]
[EventCountry "ESP"]
[SourceTitle "EXT 2014"]
[Source "ChessBase"]
[SourceDate "2013.11.20"]
[SourceVersion "1"]
[SourceVersionDate "2013.11.20"]
[SourceQuality "1"]
[WhiteTeam "Foment Martinenc"]
[BlackTeam "Andorra"]
[WhiteTeamCountry "ESP"]
[BlackTeamCountry "AND"]

1. e4 c5 2. Nf3 Nc6 3. d4 cxd4 4. Nxd4 g6 5. Nc3 Bg7 6. Be3 Nf6 7. Bc4 0-0 8. Bb3 d6 9. f3 Bd7 10. Qd2 Nxd4 11. Bxd4 b5 12. h4 a5 13. a4 b4 14. Nd5 Be6 15. h5 Rc8 16. hxg6 hxg6 17. Qg5 Bxd5 18. Bxd5 e5 19. Qxg6 exd4 20. Rh3 Rxc2 21. Rg3 Ne8 22. Rh3 Nf6 23. Rg3 1/2-1/2

[Event "Olympiad-40"]
[Site "Istanbul"]
[Date "2012.09.01"]
[Round "5.4"]
[White "Fernandez Lopez, Joan"]
[Black "Carlsson, Pontus"]
[Result "0-1"]
[WhiteElo "2090"]
[BlackElo "2511"]
[PlyCount "66"]
[EventDate "2012.08.28"]
[EventType "team-swiss"]
[EventRounds "11"]
[EventCountry "TUR"]
[SourceTitle "CBM 151"]
[Source "ChessBase"]
[SourceDate "2012.11.13"]
[SourceVersion "1"]
[SourceVersionDate "2012.11.13"]
[SourceQuality "1"]
[WhiteTeam "Andorra"]
[BlackTeam "Sweden"]
[WhiteTeamCountry "AND"]
[BlackTeamCountry "SWE"]

1. e4 c5 2. Nf3 d6 3. d4 cxd4 4. Nxd4 Nf6 5. Nc3 a6 6. Be3 e5 7. Nf3 Be7 8. Bc4 0-0 9. 0-0 Be6 10. Bb3 Nc6 11. Qd2 Na5 12. Bg5 Nxb3 13. axb3 Nh5 14. Bxe7 Qxe7 15. Rad1 Rad8 16. Qg5 Nf6 17. Nh4 Nd5 18. Qxe7 Nxe7 19. Rd2 d5 20. exd5 Nxd5 21. Nxd5 Rxd5 22. Rxd5 Bxd5 23. Rd1 Be6 24. Nf3 f6 25. Rd6 Kf7 26. Kf1 Ke7 27. Rd2 a5 28. Ne1 Rc8 29. Ke2 g5 30. g3 Rc5 31. Nd3 Rc6 32. b4 Bc4 33. bxa5 e4 0-1

[Event "Andorra op 30th"]
[Site "La Massana"]
[Date "2012.07.21"]
[Round "1"]
[White "Fernandez Lopez, Joan"]
[Black "Iturrizaga Bonelli, Eduardo"]
[Result "0-1"]
[WhiteElo "2090"]
[BlackElo "2628"]
[PlyCount "100"]
[EventDate "2012.07.21"]
[EventType "swiss"]
[EventRounds "9"]
[EventCountry "AND"]
[SourceTitle "CBM 149 Extra"]
[Source "ChessBase"]
[SourceDate "2012.08.24"]
[SourceVersion "1"]
[SourceVersionDate "2012.08.24"]
[SourceQuality "1"]

1. e4 c5 2. Nf3 g6 3. d4 cxd4 4. Nxd4 Nc6 5. Nc3 Bg7 6. Be3 Nf6 7. Bc4 0-0 8. Bb3 d6 9. f3 Bd7 10. Qd2 Nxd4 11. Bxd4 b5 12. Nd5 Nxd5 13. Bxd5 Bxd4 14. Qxd4 Rc8 15. c3 a5 16. a3 Bc6 17. Bb3 e5 18. Qf2 Kh8 19. Rd1 f5 20. exf5 gxf5 21. Bd5 Be8 22. 0-0 f4 23. g4 fxg3 24. hxg3 Rc7 25. Kg2 Rg7 26. Rh1 Bg6 27. Qe3 Qc7 28. Rh6 Rf6 29. Be4 Qf7 30. Rdh1 Bxe4 31. Qxe4 Rxh6 32. Rxh6 Rxg3+ 33. Kxg3 Qg7+ 34. Kf2 Qxh6 35. Qa8+ Kg7 36. Qb7+ Kf6 37. Qd7 Qd2+ 38. Kf1 Qd5 39. Kg2 h5 40. Qd8+ Kg6 41. Qe8+ Kg5 42. Qe7+ Kf4 43. Qh4+ Ke3 44. Qxh5 Kd2 45. Qg6 Kc1 46. b3 Kb2 47. c4 Qd2+ 48. Kh3 bxc4 49. bxc4 Kxa3 50. Qb1 a4 0-1

[Event "Francophone op 1st"]
[Site "Arvier"]
[Date "2009.09.30"]
[Round "6"]
[White "Fernandez Lopez, Joan"]
[Black "Baciu, Stefan"]
[Result "1/2-1/2"]
[WhiteElo "2080"]
[BlackElo "2177"]
[PlyCount "103"]
[EventDate "2009.09.27"]
[EventType "swiss"]
[EventRounds "9"]
[EventCountry "ITA"]
[SourceTitle "EXT 1999"]
[Source "ChessBase"]
[SourceDate "1998.11.16"]
[SourceVersion "1"]
[SourceVersionDate "1998.11.16"]
[SourceQuality "1"]

1. e4 d6 2. d4 Nf6 3. Nc3 g6 4. Be3 c6 5. Qd2 Nbd7 6. Nf3 Qc7 7. h3 Bg7 8. Bd3 0-0 9. 0-0 Re8 10. Bh6 Bh8 11. Rae1 e5 12. dxe5 dxe5 13. Ng5 Nc5 14. Bc4 Be6 15. Nxe6 Nxe6 16. f4 Rad8 17. Qe3 exf4 18. Bxf4 Nxf4 19. Rxf4 Nd5 20. Bxd5 cxd5 21. Qf2 Bxc3 22. bxc3 dxe4 23. Rfxe4 Rxe4 24. Rxe4 Rd1+ 25. Re1 Rxe1+ 26. Qxe1 Qc5+ 27. Kh1 h5 28. Qe4 Qxc3 29. Qxb7 Qa1+ 30. Kh2 Qxa2 31. Qc8+ Kg7 32. c4 a5 33. c5 Qd5 34. c6 a4 35. Qa6 Qd6+ 36. Kh1 a3 37. Qc4 a2 38. Qxa2 Qxc6 39. Qf2 Qe4 40. Qb2+ Kg8 41. Qb8+ Kh7 42. Qa7 Qf4 43. Qd7 g5 44. Qd3+ Kh8 45. Qc3+ Kg8 46. Qc8+ Kh7 47. Qc2+ Kh6 48. Qc3 Qf5 49. Qh8+ Kg6 50. Qg8+ Kf6 51. Qh8+ Kg6 52. Qg8+ 1/2-1/2

[Event "Francophone op 1st"]
[Site "Arvier"]
[Date "2009.09.29"]
[Round "4"]
[White "Fernandez Lopez, Joan"]
[Black "Coqueraut, Lodewyk"]
[Result "1-0"]
[WhiteElo "2080"]
[BlackElo "1861"]
[PlyCount "55"]
[EventDate "2009.09.27"]
[EventType "swiss"]
[EventRounds "9"]
[EventCountry "ITA"]
[SourceTitle "EXT 1999"]
[Source "ChessBase"]
[SourceDate "1998.11.16"]
[SourceVersion "1"]
[SourceVersionDate "1998.11.16"]
[SourceQuality "1"]

1. e4 c5 2. Nf3 d6 3. d4 cxd4 4. Nxd4 Nf6 5. Nc3 a6 6. Be3 e6 7. f3 Be7 8. Qd2 Qc7 9. 0-0-0 Nbd7 10. g4 b5 11. Kb1 Bb7 12. Ncxb5 axb5 13. Nxb5 Qb8 14. Nxd6+ Qxd6 15. Qxd6 Bxd6 16. Rxd6 Ke7 17. Rd2 Nxg4 18. fxg4 Bxe4 19. Rg1 Rhc8 20. Bd3 Bd5 21. b3 Ne5 22. Be2 Bf3 23. Bf4 Bxe2 24. Bxe5 Bb5 25. Bxg7 f5 26. gxf5 Rxc2 27. Kxc2 Rxa2+ 28. Bb2 1-0

[Event "Olympiad-38"]
[Site "Dresden"]
[Date "2008.11.15"]
[Round "3"]
[White "Rombaldoni, Denis"]
[Black "Fernandez Lopez, Joan"]
[Result "1-0"]
[WhiteElo "2436"]
[BlackElo "2095"]
[PlyCount "83"]
[EventDate "2008.11.13"]
[EventType "team-swiss"]
[EventRounds "11"]
[EventCountry "GER"]
[SourceTitle "CBM 128"]
[Source "ChessBase"]
[SourceDate "2009.01.28"]
[SourceVersion "1"]
[SourceVersionDate "2009.01.28"]
[SourceQuality "1"]
[WhiteTeam "Italy"]
[BlackTeam "Andorra"]
[WhiteTeamCountry "ITA"]
[BlackTeamCountry "AND"]

1. d4 d5 2. Nf3 c6 3. c4 Nf6 4. Nc3 dxc4 5. a4 Bf5 6. Ne5 Nbd7 7. Nxc4 Nb6 8. Ne5 a5 9. f3 Nfd7 10. Nxd7 Nxd7 11. e4 Bg6 12. Be2 e6 13. 0-0 Bb4 14. Be3 0-0 15. Qc2 Qe7 16. Na2 Bd6 17. f4 f5 18. e5 Bc7 19. Bf3 Rac8 20. Bd2 Rfd8 21. Rfd1 Ra8 22. Nc1 Nb6 23. Nb3 Nd5 24. Rac1 Be8 25. Nc5 Bb6 26. Qb3 Bxc5 27. Rxc5 Qc7 28. Rdc1 b6 29. R5c4 Qa7 30. Kh1 Rac8 31. g4 g6 32. gxf5 gxf5 33. Rg1+ Kh8 34. Be1 Bg6 35. Bh4 Rd7 36. Bxd5 Rxd5 37. Qh3 Qf7 38. Bf6+ Kg8 39. Qh6 c5 40. Rc2 Rxd4 41. Rcg2 Qb7 42. h4 1-0

[Event "Andorra op 25th"]
[Site "Andorra"]
[Date "2007.07.05"]
[Round "6"]
[White "Berkovich, Mark A"]
[Black "Fernandez Lopez, Joan"]
[Result "1-0"]
[WhiteElo "2387"]
[BlackElo "2051"]
[PlyCount "81"]
[EventDate "2007.06.30"]
[EventType "swiss"]
[EventRounds "9"]
[EventCountry "AND"]
[SourceTitle "CBM 119 Extra"]
[Source "ChessBase"]
[SourceDate "2007.09.04"]
[SourceVersion "1"]
[SourceVersionDate "2007.09.04"]
[SourceQuality "1"]

1. c4 e5 2. g3 f5 3. d4 e4 4. Nh3 c6 5. Nc3 Nf6 6. Bg5 h6 7. Bxf6 Qxf6 8. Nf4 Na6 9. e3 Nc7 10. Be2 g6 11. Nxg6 Rg8 12. Nxf8 Kxf8 13. Qb3 Qf7 14. Qb4+ Qe7 15. Qxe7+ Kxe7 16. Kd2 d5 17. cxd5 Nxd5 18. Bc4 Be6 19. Bxd5 Bxd5 20. Nxd5+ cxd5 21. Rac1 Kd6 22. Rc3 Rgc8 23. Rxc8 Rxc8 24. Rc1 Rf8 25. Rc3 Kd7 26. Ra3 Ra8 27. Rb3 Kc6 28. Rc3+ Kd7 29. a4 Kd6 30. b4 h5 31. h4 Kd7 32. b5 Rc8 33. Rc5 b6 34. Rxd5+ Ke6 35. Re5+ Kf6 36. a5 bxa5 37. Rc5 Rb8 38. Kc3 Rb6 39. Kc4 Ke6 40. Rc7 a6 41. Rc6+ 1-0

[Event "Andorra op 24th"]
[Site "Andorra"]
[Date "2006.07.08"]
[Round "1"]
[White "Fernandez Lopez, Joan"]
[Black "Reinaldo Castineira, Roi"]
[Result "0-1"]
[WhiteElo "2027"]
[BlackElo "2450"]
[PlyCount "40"]
[EventDate "2006.07.08"]
[EventType "swiss"]
[EventRounds "9"]
[EventCountry "AND"]
[SourceTitle "EXT 2022"]
[Source "ChessBase"]
[SourceDate "2021.10.06"]
[SourceVersion "1"]
[SourceVersionDate "2021.10.06"]
[SourceQuality "1"]

1. e4 c5 2. Nf3 e6 3. b3 b6 4. Bb2 Bb7 5. Nc3 d6 6. d4 cxd4 7. Nxd4 a6 8. Qe2 Nd7 9. 0-0-0 Rc8 10. f4 b5 11. Nf3 Qa5 12. e5 Rxc3 13. Qe1 b4 14. Bxc3 bxc3 15. Rd3 dxe5 16. Qxc3 Bb4 17. Qc4 Ngf6 18. fxe5 Ne4 19. Qd4 Ndc5 20. a4 Nxd3+ 0-1

[Event "La Pobla de Lillet op 16th"]
[Site "La Pobla de Lillet"]
[Date "2006.??.??"]
[Round "7"]
[White "Garcia Paolicchi, Raul"]
[Black "Fernandez Lopez, Joan"]
[Result "1/2-1/2"]
[WhiteElo "2228"]
[BlackElo "2027"]
[PlyCount "25"]
[EventDate "2006.08.02"]
[EventType "swiss"]
[EventRounds "9"]
[EventCountry "ESP"]
[SourceTitle "CBM 113 Extra"]
[Source "ChessBase"]
[SourceDate "2006.09.14"]
[SourceVersion "1"]
[SourceVersionDate "2006.09.14"]
[SourceQuality "1"]

1. d4 d5 2. Nf3 Bf5 3. g3 e6 4. Bg2 Bd6 5. 0-0 Nf6 6. Nbd2 Nbd7 7. b3 c6 8. Bb2 0-0 9. h3 Ne4 10. Nh4 Nxd2 11. Qxd2 Nf6 12. Nxf5 exf5 13. c4 1/2-1/2